Аннотации докладов и сообщений VI Всесоюзной конференции по тепломассообмену; Тепломассообмен-VI

Dettagli Bibliografici
Parent link:Тепломассообмен-VI: материалы к VI Всесоюзной конференции по тепломассообмену, г. Минск, сентябрь 1980 г./ Академия наук Белорусской ССР (АН БССР), Институт тепло- и массообмена им. А. В. Лыкова (ИТМО). Аннотации докладов и сообщений VI Всесоюзной конференции по тепломассообмену.— , 1980-1981
Lingua:russo
Pubblicazione: 1980
Soggetti:
Natura: MixedMaterials Libro
KOHA link:https://koha.lib.tpu.ru/cgi-bin/koha/opac-detail.pl?biblionumber=346186

MARC

LEADER 00000nam2a2200000 4500
001 346186
005 20231102005847.0
035 |a (RuTPU)RU\TPU\book\378066 
090 |a 346186 
100 |a 20210705d1980 k y0rusy50 ca 
101 0 |a rus 
102 |a BY 
105 |a y z 100zy 
200 0 |a Аннотации докладов и сообщений VI Всесоюзной конференции по тепломассообмену 
210 |d 1980 
215 |a 203 с. 
461 1 |0 (RuTPU)RU\TPU\book\226198  |t Тепломассообмен-VI  |o материалы к VI Всесоюзной конференции по тепломассообмену, г. Минск, сентябрь 1980 г.  |f Академия наук Белорусской ССР (АН БССР), Институт тепло- и массообмена им. А. В. Лыкова (ИТМО)  |v Аннотации докладов и сообщений VI Всесоюзной конференции по тепломассообмену  |d 1980-1981 
606 1 |a Тепломассообмен  |x (физика)  |2 stltpush  |3 (RuTPU)RU\TPU\subj\58920  |9 76603 
606 1 |a Тепломассообмен  |2 stltpush  |3 (RuTPU)RU\TPU\subj\31252  |9 54154 
610 1 |a конвективный тепломассообмен 
610 1 |a перенос излучения 
610 1 |a агрегатные состояния 
610 1 |a изменение 
610 1 |a двухфазные системы 
610 1 |a реологические системы 
610 1 |a капиллярно-пористые тела 
610 1 |a энергетические системы 
610 1 |a теплопроводность 
610 1 |a аннотации 
610 1 |a конференции 
675 |a 536.2(063)  |v 4 
675 |a 66.021.3/.4(063)  |v 4 
801 1 |a RU  |b 63413507  |c 20210705 
801 2 |a RU  |b 63413507  |c 20211005  |g RCR 
942 |c BK